Statistics for All Eurovision Winners

Click here to take the quiz!

General Stats

  • This quiz has been taken 110 times
  • The average score is 61 of 64

Answer Stats

YearCountry% Correct
1969Spain | United Kingdom | Netherlands | France
99%
1976United Kingdom
98%
1967United Kingdom
98%
1997United Kingdom
98%
1981United Kingdom
98%
2006Finland
97%
1958France
97%
1977France
97%
1960France
97%
1962France
97%
2019Netherlands
97%
1975Netherlands
97%
1957Netherlands
97%
1959Netherlands
97%
2017Portugal
97%
2008Russia
97%
1999Sweden
97%
1984Sweden
97%
1991Sweden
97%
1974Sweden
97%
2012Sweden
97%
2015Sweden
97%
2014Austria
96%
1966Austria
96%
2013Denmark
96%
2000Denmark
96%
1963Denmark
96%
2005Greece
96%
1990Italy
96%
1964Italy
96%
1985Norway
96%
1995Norway
96%
2009Norway
96%
1968Spain
96%
1956Switzerland
95%
1988Switzerland
95%
2016Ukraine
95%
2004Ukraine
95%
1986Belgium
94%
1970Ireland
94%
1992Ireland
94%
1980Ireland
94%
1996Ireland
94%
1994Ireland
94%
1987Ireland
94%
1993Ireland
94%
1982Germany
92%
2010Germany
92%
1998Israel
92%
2018Israel
92%
1979Israel
92%
1978Israel
92%
2002Latvia
92%
1961Luxembourg
92%
1965Luxembourg
92%
1973Luxembourg
92%
1972Luxembourg
92%
1983Luxembourg
92%
2007Serbia
92%
2001Estonia
91%
2011Azerbaijan
90%
2003Turkey
89%
1989Yugoslavia
87%
1971Monaco
86%

Score Distribution

Percentile by Number Answered

Percent of People with Each Score

Your Score History

You have not taken this quiz